Complex Variables and Its Applications (Record no. 24706)
[ view plain ]
| 000 -LEADER | |
|---|---|
| fixed length control field | 00315nam a22000857a 4500 |
| 003 - CONTROL NUMBER IDENTIFIER | |
| control field | NUST |
| 005 - DATE AND TIME OF LATEST TRANSACTION | |
| control field | 20170605124547.0 |
| 008 - FIXED-LENGTH DATA ELEMENTS--GENERAL INFORMATION | |
| fixed length control field | 140828b xxu||||| |||| 00| 0 eng d |
| 020 ## - INTERNATIONAL STANDARD BOOK NUMBER | |
| Terms of availability | Available |
| 040 ## - CATALOGING SOURCE | |
| Original cataloging agency | DLC |
| Language of cataloging | DLC |
| Transcribing agency | RCMS |
| 050 ## - LIBRARY OF CONGRESS CALL NUMBER | |
| Classification number | 515.93 WAR |
| 082 ## - DEWEY DECIMAL CLASSIFICATION NUMBER | |
| Classification number | 515.93 WAR |
| 100 ## - MAIN ENTRY--PERSONAL NAME | |
| Personal name | Word James Brown |
| 9 (RLIN) | 1975 |
| 245 ## - TITLE STATEMENT | |
| Title | Complex Variables and Its Applications |
| Statement of responsibility, etc. | Word James Brown |
| 300 ## - PHYSICAL DESCRIPTION | |
| Extent | 96 p. : |
| 538 ## - SYSTEM DETAILS NOTE | |
| Display text | Shelf # 11, Row # 6, Mechanical & Aerospace. |
| 856 ## - ELECTRONIC LOCATION AND ACCESS | |
| Materials specified | Table of Contents Only. |
| 942 ## - ADDED ENTRY ELEMENTS (KOHA) | |
| Source of classification or shelving scheme | |
| Koha item type | Book |
| Classification part | 515.93 WAR |
| Withdrawn status | Lost status | Source of classification or shelving scheme | Damaged status | Not for loan | Permanent Location | Current Location | Shelving location | Date acquired | Total Checkouts | Barcode | Date last seen | Price effective from | Koha item type |
|---|---|---|---|---|---|---|---|---|---|---|---|---|---|
| School of Interdisciplinary Engineering and Sciences (SINES) | School of Interdisciplinary Engineering and Sciences (SINES) | General Stacks | 08/28/2014 | RCMS002710 | 08/28/2014 | 08/28/2014 | Book |
